|
|
|
|
| LEADER |
00000nam0a2200000 4500 |
| 001 |
379088 |
| 005 |
20231102013048.0 |
| 035 |
|
|
|a (RuTPU)RU\TPU\retro\36549
|
| 090 |
|
|
|a 379088
|
| 100 |
|
|
|a 20230629d1978 m y0rusy50 ca
|
| 101 |
1 |
|
|a rus
|c ger
|
| 102 |
|
|
|a RU
|
| 105 |
|
|
|a a z 000zy
|
| 200 |
1 |
|
|a Искусство нового класса
|e пер. с нем.
|f Р. Хипе
|
| 210 |
|
|
|a Москва
|c Прогресс
|d 1978
|
| 215 |
|
|
|a 226 с.
|c ил.
|
| 606 |
1 |
|
|a Искусство
|x История
|2 stltpush
|3 (RuTPU)RU\TPU\subj\13188
|9 39839
|
| 610 |
1 |
|
|a Октябрьская революция 1917
|
| 610 |
1 |
|
|a изобразительное искусство
|
| 610 |
1 |
|
|a Мексика
|
| 610 |
1 |
|
|a Куба
|
| 610 |
1 |
|
|a Германия
|
| 610 |
1 |
|
|a ГДР
|
| 610 |
1 |
|
|a ФРГ
|
| 610 |
1 |
|
|a Китайская Народная Республика
|
| 610 |
1 |
|
|a Вьетнам
|
| 675 |
|
|
|a 7.03
|v 4
|
| 700 |
|
1 |
|a Хипе
|b Р.
|g Рихард
|
| 801 |
|
1 |
|a RU
|b 63413507
|c 20230629
|
| 942 |
|
|
|c BK
|